000
00280nam a22000977a 4500
082
_a
621.381542 PHO'H
245
_a
PHOTOFACT ANNUAL INDEX INDEX TO THE AUTHORITATIVE SERVICE DATA FOR THE ELECTRONICS INDUSTRY
260
_a
USA
_b
HOWARD W. SAMS
_c
1970
300
_a
135P
942
_c
BK
999
_c
584814
_d
584814